000 00718nam a2200265Ia 4500
005 20260306164507.0
008 008 260114s9999 xx 000 0 eng d
020 _a9780190861193
037 _aEBOOK
040 _aCRL
040 _beng
040 _cCRL
041 _2eng
041 _aeng
084 _qCRL
100 _aEmma Parry, Michael J. Morley, Chris Brewster
_91130882
245 4 _aThe Oxford Handbook Of Contextual Approaches To Human Resource Management
260 _bOxford University Press
260 _c2021
650 _aBusiness Economics & Finance
856 _uhttps://academic.oup.com/edited-volume/34278
942 _cEBOOK
999 _c1714278
_d1714278